Statistics for Sara Bareilles Discography

Click here to take the quiz!

General Stats

  • This quiz has been taken 27 times
  • The average score is 45 of 72

Answer Stats

HintAnswer% Correct
The Blessed UnrestBrave
95%
Kaleidoscope HeartGonna Get Over You
90%
Little VoiceLove Song
90%
What's Inside: Songs from WaitressShe Used To Be Mine
90%
Kaleidoscope HeartBluebird
85%
Amidst the ChaosFire
85%
Careful ConfessionsGravity
85%
The Blessed UnrestLittle Black Dress
85%
Amidst the ChaosOrpheus
85%
What's Inside: Songs from WaitressWhen He Sees Me
85%
Kaleidoscope HeartKaleidoscope Heart
80%
Kaleidoscope HeartKing of Anything
80%
What's Inside: Songs from WaitressOpening Up
80%
Kaleidoscope HeartUncharted
80%
Amidst the ChaosArmor
75%
What's Inside: Songs from WaitressBad Idea
75%
The Blessed UnrestDecember
75%
Careful ConfessionsFairytale
75%
The Blessed UnrestHercules
75%
Amidst the ChaosMiss Simone
75%
Amidst the ChaosPoetry by Dead Men
75%
The Blessed UnrestSatellite Call
75%
What's Inside: Songs from WaitressWhat's Inside
75%
What's Inside: Songs from WaitressYou Matter To Me
75%
The Blessed UnrestCassiopeia
70%
The Blessed UnrestI Choose You
70%
The Blessed UnrestManhatten
70%
Little VoiceVegas
70%
Kaleidoscope HeartBreathe Again
65%
The Blessed UnrestChasing The Sun
65%
The Blessed UnrestEden
65%
Kaleidoscope HeartLet The Rain
65%
Little VoiceMany the Miles
65%
Amidst the ChaosNo Such Thing
65%
Once Upon Another TimeOnce Upon Another Time
65%
Amidst the ChaosSomeone Who Loves Me
65%
Amidst the ChaosA Safe Place to Land
60%
What's Inside: Songs from WaitressEverything Changes
60%
Amidst the ChaosEyes on You
60%
Amidst the ChaosIf I Can't Have You
60%
Careful ConfessionsLove on the Rocks
60%
Amidst the ChaosSaint Honesty
60%
Once Upon Another TimeStay
60%
Once Upon Another TimeSweet As Whole
60%
Kaleidoscope HeartBasket Case
55%
Little VoiceBetween the Lines
55%
Once Upon Another TimeBright Lights and Cityscapes
55%
Careful ConfessionsCity
55%
Careful ConfessionsCome Round Soon
55%
What's Inside: Songs from WaitressDoor Number Three
55%
Kaleidoscope HeartMachine Gun
55%
What's Inside: Songs from WaitressNever Ever Getting Rid Of Me
55%
What's Inside: Songs from WaitressSoft Place To Land
55%
The Blessed Unrest1000 Times
50%
Once Upon Another TimeBeautiful Girl
50%
Kaleidoscope HeartHold My Heart
50%
What's Inside: Songs from WaitressI Didn't Plan It
50%
The Blessed UnrestIslands
50%
Careful ConfessionsRed
50%
Kaleidoscope HeartThe Light
50%
Little VoiceMorningside
45%
Careful ConfessionsOne Sweet Love
45%
Kaleidoscope HeartSay You're Sorry
45%
Careful ConfessionsUndertow
45%
Amidst the ChaosWicked Love
45%
Little VoiceBottle It Up
40%
Once Upon Another TimeLie To Me
40%
Kaleidoscope HeartNot Alone
40%
What's Inside: Songs from WaitressLulu's Pie Song
35%
Careful ConfessionsMy Love
30%
Careful ConfessionsResponsible
30%
Careful ConfessionsInside Out
25%

Score Distribution

Percentile by Number Answered

Percent of People with Each Score

Your Score History

You have not taken this quiz